| 000 | 00660cab a22002175a 4500 | ||
|---|---|---|---|
| 001 | L159989 | ||
| 008 | 150113e2016 xxk 000 0 eng d | ||
| 035 | _a(Sirsi) u159989 | ||
| 041 | 0 | _aeng | |
| 050 | _a333.00711 $2 18 | ||
| 100 | 1 | _aBaker, James | |
| 245 | 0 | 0 | _aInspiring the next generation |
| 260 |
_aLondon _bRICS _c2016 |
||
| 490 |
_aRICS Building Surveying Journal _vOctober 2016 - November 2016, 23(1) |
||
| 520 | _aExplains what RICS is doing to encourage future generations of building surveyors. | ||
| 650 | 2 | 4 | _aABOUT RICS |
| 650 | 2 | 4 | _aABOUT RICS-RICS MATRICS |
| 650 | 2 | 4 | _aCAREER |
| 690 | _aFUTURE OF THE PROFESSION | ||
| 942 |
_n0 _2ddc |
||
| 999 |
_c85106 _d85106 |
||